000 00320nam a22001337a 4500
008 170612b xxu||||| |||| 00| 0 eng d
020 _a9780691027753
041 _aeng
080 _a338
100 _a19
101 _aSHP
245 _aTHE POLITICAL ECONOMY OF DEMOCRACY TRANSITIONS
_cHAGGARD.S
942 _2udc
_cBK
999 _c17029
_d17029